000 00820cac a2200253 a 4500
003 Co-PeBPM
005 20250503193747.0
008 250203e1992 |||||||| |||| 00| 0 spa d
020 _a9589092152
040 0 _aCo-PeBPM
_bspa
_cCo-PeBPM
_erda
041 0 _aspa
082 0 4 _a415 R586e
_222
100 1 _aRíos Gaviria, José Camilo
_eAutor
245 1 0 _aLa Escritura Del Origen
_b: Introducción General A Los Textos De Jackes Derrida
_c/ José Camilo Ríos Gaviria.
260 _aManizales, Colombia
_b: Editorial Universidad De Caldas
_c, 1992
300 _a235 Páginas
_c; 20 Centímetros
500 _aIncluye Índice.
504 _aIncluye Bibliografía.
650 1 4 _2LEMB
_aSemiología
650 1 4 _2LEMB
_aLingüística
650 1 4 _2LEMB
_aCrítica
650 1 4 _2LEMB
_aInterpretación
942 _2ddc
_cBK
999 _c60471
_d60471